<?xml version="1.0" encoding="UTF-8"?><?xml-stylesheet type="text/xsl" href="static/style.xsl"?><OAI-PMH xmlns="http://www.openarchives.org/OAI/2.0/" xmlns:xsi="http://www.w3.org/2001/XMLSchema-instance" xsi:schemaLocation="http://www.openarchives.org/OAI/2.0/ http://www.openarchives.org/OAI/2.0/OAI-PMH.xsd"><responseDate>2026-04-29T06:16:00Z</responseDate><request verb="GetRecord" identifier="oai:repisalud.isciii.es:20.500.12105/23654" metadataPrefix="marc">https://repisalud.isciii.es/rest/oai/request</request><GetRecord><record><header><identifier>oai:repisalud.isciii.es:20.500.12105/23654</identifier><datestamp>2024-11-29T00:56:19Z</datestamp><setSpec>com_20.500.12105_15322</setSpec><setSpec>com_20.500.12105_2051</setSpec><setSpec>col_20.500.12105_16967</setSpec></header><metadata><record xmlns="http://www.loc.gov/MARC21/slim" xmlns:dcterms="http://purl.org/dc/terms/" xmlns:doc="http://www.lyncode.com/xoai" xmlns:xsi="http://www.w3.org/2001/XMLSchema-instance" xsi:schemaLocation="http://www.loc.gov/MARC21/slim http://www.loc.gov/standards/marcxml/schema/MARC21slim.xsd">
   <leader>00925njm 22002777a 4500</leader>
   <datafield ind2=" " ind1=" " tag="042">
      <subfield code="a">dc</subfield>
   </datafield>
   <datafield ind2=" " ind1=" " tag="720">
      <subfield code="a">García-Gasalla, Mercedes</subfield>
      <subfield code="e">author</subfield>
   </datafield>
   <datafield ind2=" " ind1=" " tag="720">
      <subfield code="a">Berman-Riu, Maria</subfield>
      <subfield code="e">author</subfield>
   </datafield>
   <datafield ind2=" " ind1=" " tag="720">
      <subfield code="a">Rodríguez, Adrián</subfield>
      <subfield code="e">author</subfield>
   </datafield>
   <datafield ind2=" " ind1=" " tag="720">
      <subfield code="a">Iglesias, Amanda</subfield>
      <subfield code="e">author</subfield>
   </datafield>
   <datafield ind2=" " ind1=" " tag="720">
      <subfield code="a">Fraile-Ribot, Pablo</subfield>
      <subfield code="e">author</subfield>
   </datafield>
   <datafield ind2=" " ind1=" " tag="720">
      <subfield code="a">Toledo Pons, Nuria</subfield>
      <subfield code="e">author</subfield>
   </datafield>
   <datafield ind2=" " ind1=" " tag="720">
      <subfield code="a">Pol-Pol, Elisabet</subfield>
      <subfield code="e">author</subfield>
   </datafield>
   <datafield ind2=" " ind1=" " tag="720">
      <subfield code="a">Ferré Beltrán, Adrián</subfield>
      <subfield code="e">author</subfield>
   </datafield>
   <datafield ind2=" " ind1=" " tag="720">
      <subfield code="a">Artigues Serra, Francisca</subfield>
      <subfield code="e">author</subfield>
   </datafield>
   <datafield ind2=" " ind1=" " tag="720">
      <subfield code="a">Martin Pena, Maria Luisa</subfield>
      <subfield code="e">author</subfield>
   </datafield>
   <datafield ind2=" " ind1=" " tag="720">
      <subfield code="a">Pons De Ves, Jaime</subfield>
      <subfield code="e">author</subfield>
   </datafield>
   <datafield ind2=" " ind1=" " tag="720">
      <subfield code="a">Murillas Angoiti, Javier</subfield>
      <subfield code="e">author</subfield>
   </datafield>
   <datafield ind2=" " ind1=" " tag="720">
      <subfield code="a">Oliver, Antonio</subfield>
      <subfield code="e">author</subfield>
   </datafield>
   <datafield ind2=" " ind1=" " tag="720">
      <subfield code="a">Riera, Melchor</subfield>
      <subfield code="e">author</subfield>
   </datafield>
   <datafield ind2=" " ind1=" " tag="720">
      <subfield code="a">Ferrer Balaguer, Juana Maria</subfield>
      <subfield code="e">author</subfield>
   </datafield>
   <datafield ind2=" " ind1=" " tag="260">
      <subfield code="c">2023-09</subfield>
   </datafield>
   <datafield ind2=" " ind1=" " tag="520">
      <subfield code="a">Background: Biological markers associated to post-COVID-19 condition (PCC) have not been clearly identified. Methods: Eighty-two patients attending our post-COVID-19 outpatient clinic were recruited and classified as fully recovered (40.2%) or presenting with PCC (59.8%). Clinical and radiological data, laboratory markers, cytokines, and lymphocyte populations were analyzed. Results: Median number of days after hospitalization was 78.5 [p25-p75: 60-93] days. PCC was significantly more frequent in women, in patients with a previously critical COVID-19, and in those with two or more comorbidities. No differences were found in lymphocyte counts, ferritin, C-reactive protein, D-dimer or sCD25, IL-1β, IL-1Ra, IL-6, CXCL8, IL-17A, IL-18, IL-22, IFN-γ, TNF-α, and IL-10 cytokines levels. PCC patients showed significantly higher levels of complement factor C3 than fully recovered patients: median C3 128 mg/dL [p25-p75:107-135] vs 111 mg/dL [p25-p75: 100-125] (p =.005), respectively. In the flow cytometry assessment of peripheral blood lymphocyte subpopulations, PCC patients showed significantly increased CD8 populations compared to fully recovered patients: median CD8: 529 [p25-p75: 384-683] vs 370/mm3 [p25-p75:280-523], p =.007. When type 1, 2, 17/22, and 17.1 helper and follicular T lymphocyte subpopulations were analyzed, the frequency of Th1 was significantly higher in PCC patients compared to fully recovered patients (30% vs 38.5%, p =.028). Conclusion: Patients with a post-COVID-19 condition showed significantly increased immunological parameters of inflammation (complement factor C3 and CD8 and Th1 T lymphocyte populations) compared to fully recovered patients. These parameters could be used as biological markers of this condition.</subfield>
   </datafield>
   <datafield ind1="8" ind2=" " tag="024">
      <subfield code="a">Garcia-Gasalla M, Berman-Riu M, Rodriguez A, Iglesias A, Fraile-Ribot PA, Toledo-Pons N, et al. Elevated complement C3 and increased CD8 and type 1 helper lymphocyte T populations in patients with post-COVID-19 condition. Cytokine. 2023 Sep;169:156295.</subfield>
   </datafield>
   <datafield ind1="8" ind2=" " tag="024">
      <subfield code="a">https://hdl.handle.net/20.500.13003/19378</subfield>
   </datafield>
   <datafield ind1="8" ind2=" " tag="024">
      <subfield code="a">https://hdl.handle.net/20.500.12105/23654</subfield>
   </datafield>
   <datafield ind1="8" ind2=" " tag="024">
      <subfield code="a">37453328</subfield>
   </datafield>
   <datafield ind1="8" ind2=" " tag="024">
      <subfield code="a">10.1016/j.cyto.2023.156295</subfield>
   </datafield>
   <datafield ind1="8" ind2=" " tag="024">
      <subfield code="a">1096-0023</subfield>
   </datafield>
   <datafield ind1="8" ind2=" " tag="024">
      <subfield code="a">Cytokine</subfield>
   </datafield>
   <datafield ind1="8" ind2=" " tag="024">
      <subfield code="a">2-s2.0-85165026253</subfield>
   </datafield>
   <datafield ind1="8" ind2=" " tag="024">
      <subfield code="a">1043760700001</subfield>
   </datafield>
   <datafield ind1="8" ind2=" " tag="024">
      <subfield code="a">L2025720741</subfield>
   </datafield>
   <datafield ind2="0" ind1="0" tag="245">
      <subfield code="a">Elevated complement C3 and increased CD8 and type 1 helper lymphocyte T populations in patients with post-COVID-19 condition</subfield>
   </datafield>
</record></metadata></record></GetRecord></OAI-PMH>